000 00232nam a22000857a 4500
999 _c11446
_d11446
008 190524b ||||| |||| 00| 0 eng d
020 _a978938636255
100 _97171
_aSINGH S.N
245 _aGREAT NATIONALSIT OF INDIA RABINDRANATH TAGORE